Trio pre klarinet, violončelo a klavír

Bibliographic Details
Main Author: Sixta, Jozef, 1940-2007 (Composer)
Format: Musical Score Book
Language:Slovak
PhysicalDescription:partitúra (29 s.) 30 cm 3 hlasy
Published: Bratislava Hudobný fond 2006
ISBN:8080514909 (brož.)
Edition:1. vyd.
Subjects:

MARC

LEADER 00000ncm a2200000 a 4500
001 vtls008944496
003 SK-MaSNL
005 20260331205345.0
007 qu
008 070209s2006 xo zzzef s z slo
015 |a SNBH2007/02-00633 
020 |a 8080514909 (brož.) 
028 0 1 |a HF 1240  |b Hudobný fond 
040 |a SNK  |b slo  |c SNK  |e AACR2 
041 0 |a slo 
044 |a xo  |c SK 
048 |a wc01  |a sc01  |a ka01 
072 7 |a 785  |x Inštrumentálna hudba. Symfonická hudba. Hudba pre viac nástrojov  |2 konspekt 
080 |a 785.73  |2 2001 
080 |a 788.6  |2 2001 
080 |a 787.3  |2 2001 
080 |a 786.2  |2 2001 
080 |a 78.089.6.087  |2 2001 
084 |a 1.2.2  |2 snlmc 
100 1 |a Sixta, Jozef,  |d 1940-2007   |4 cmp 
245 1 0 |a Trio pre klarinet, violončelo a klavír  |h hudobnina  |c Jozef Sixta 
250 |a 1. vyd. 
254 |a Partitúra a hlasy 
260 |a Bratislava  |b Hudobný fond  |c 2006 
300 |a partitúra (29 s.)  |c 30 cm  |e 3 hlasy 
506 |a 45 výt. 
650 0 7 |a klarinetové triá  |2 SNKPH  |9 230653 
650 0 7 |a komorná hudba  |2 SNKPH  |9 3431 
655 7 |a partitúry a hlasy  |2 SNKPH  |9 70304 
655 7 |a klarinet, violončelo a klavír  |2 SNKPH  |9 403112 
919 |a 80-8051-490-9 
919 |a ISMN 
999 |c 654213  |d 656143 
952 |a SNK  |b SNK  |y VYP  |7 0  |p 17A0539512  |o snkHSB 4066 D1  |i snk2007/3946  |8 0  |3 Prílohy: 3 party  |0 0  |1 0  |4 0  |d 2007-02-09  |l 0  |r 2026-02-23 18:32:25  |w 2026-02-23 
952 |a SNK  |b SNK  |y PREZ  |7 0  |p 17A0539501  |o snkHSB 4066  |i snk2007/3945  |8 0  |3 Prílohy: 3 party  |0 0  |1 0  |4 0  |d 2007-02-09  |l 0  |r 2026-02-23 18:32:25  |w 2026-02-23 
952 |a SNK  |b SNK  |y PREZ  |7 0  |p 17A0539500  |o snkHSB 4066/pril.2  |i snk2007/3945  |8 0  |3 1 part  |z Príloha  |0 0  |1 0  |4 0  |d 2007-02-09  |l 0  |r 2026-02-23 18:32:25  |w 2026-02-23 
952 |a SNK  |b SNK  |y PREZ  |7 0  |p 17A0539499  |o snkHSB 4066/pril.1  |i snk2007/3945  |8 0  |3 1 part  |z Prílohy  |0 0  |1 0  |4 0  |d 2007-02-09  |l 0  |r 2026-02-23 18:32:25  |w 2026-02-23 
952 |a SNK  |b SNK  |y PREZ  |7 0  |p 17A0539513  |o snkHSB 4066/pril.3  |i snk2007/3945  |8 0  |3 1 part  |z Príloha  |0 0  |1 0  |4 0  |d 2007-02-09  |l 0  |r 2026-02-23 18:32:25  |w 2026-02-23 
952 |a SNK  |b SNK  |y VYP  |7 0  |p 17A0539509  |o snkHSB 4066/pril.2 D1  |i snk2007/3946  |8 0  |3 1 part  |z Príloha  |0 0  |1 0  |4 0  |d 2007-02-09  |l 0  |r 2026-02-23 18:32:25  |w 2026-02-23 
952 |a SNK  |b SNK  |y VYP  |7 0  |p 17A0539510  |o snkHSB 4066/pril.3 D1  |i snk2007/3946  |8 0  |3 1 part  |z Príloha  |0 0  |1 0  |4 0  |d 2007-02-09  |l 0  |r 2026-02-23 18:32:25  |w 2026-02-23 
952 |a SNK  |b SNK  |y VYP  |7 0  |p 17A0539511  |o snkHSB 4066/pril.1 D1  |i snk2007/3946  |8 0  |3 1 part  |z Príloha  |0 0  |1 0  |4 0  |d 2007-02-09  |l 0  |r 2026-02-23 18:32:25  |w 2026-02-23